<?xml version="1.0" encoding="UTF-8"?>
<record
    xmlns:xsi="http://www.w3.org/2001/XMLSchema-instance"
    xsi:schemaLocation="http://www.loc.gov/MARC21/slim http://www.loc.gov/standards/marcxml/schema/MARC21slim.xsd"
    xmlns="http://www.loc.gov/MARC21/slim">

  <leader>01534    a2200205   4500</leader>
  <controlfield tag="001">30821</controlfield>
  <controlfield tag="005">20260407155617.0</controlfield>
  <controlfield tag="008">260407a1958    arg                 spa d</controlfield>
  <controlfield tag="003">AR-UNSa-BCEJYS</controlfield>
  <datafield tag="040" ind1=" " ind2=" ">
    <subfield code="a">AR-UNSa-BCEJYS</subfield>
    <subfield code="b">spa</subfield>
    <subfield code="c">AR-UNSa-BCEJYS</subfield>
  </datafield>
  <datafield tag="080" ind1=" " ind2=" ">
    <subfield code="a">657.633</subfield>
    <subfield code="x">Detalles t&#xE9;cnicos de la auditor&#xED;a. Comprobaciones internas
</subfield>
  </datafield>
  <datafield tag="245" ind1="1" ind2="0">
    <subfield code="a">Revisi&#xF3;n t&#xE9;cnica de contabilidades</subfield>
  </datafield>
  <datafield tag="250" ind1=" " ind2=" ">
    <subfield code="a">5a. ed.</subfield>
  </datafield>
  <datafield tag="264" ind1=" " ind2="1">
    <subfield code="a">Barcelona :</subfield>
    <subfield code="b">Labor</subfield>
    <subfield code="c">1958</subfield>
  </datafield>
  <datafield tag="300" ind1=" " ind2=" ">
    <subfield code="a">407p.</subfield>
    <subfield code="c">22 cm.</subfield>
  </datafield>
  <datafield tag="505" ind1=" " ind2=" ">
    <subfield code="a">1. Qu&#xE9; es la revisi&#xF3;n contable - 2. El examen de los libros - 3. Definici&#xF3;n del balance - 4. La comparaci&#xF3;n de balances - 5. Examen de los resultados - 6. Alcance y resumen de la revisi&#xF3;n parcial - 7. Alcance de la revisi&#xF3;n total - 8. Comprobaci&#xF3;n de caja - 9. Comprobaci&#xF3;n de las cuentas deudoras - 10. Examen de las cuentas acreedoras - 11. Examen de la cuenta de mercader&#xED;as - 12. An&#xE1;lisis del precio de coste comercial - 13. Comprobaci&#xF3;n de los gastos generales - 14. Revisi&#xF3;n del libro diario - 15. Examen del capital - 16. Examen de la cuenta de p&#xE9;rdidas y ganancias - 17. La revisi&#xF3;n en la pr&#xE1;ctica - 18. Examen de sucursales y afiliados - 19. La revisi&#xF3;n en momentos de inestabilidad monetaria - 20. El informe privado del revisor - 21. El certificado de revisor de cuentas - 22. El dictamen pericial - 23. El dictamen judicial - 24. La revisi&#xF3;n en las suspensiones de pagos - 25. La revisi&#xF3;n en el caso de la quiebra</subfield>
  </datafield>
  <datafield tag="942" ind1=" " ind2=" ">
    <subfield code="c">BK</subfield>
  </datafield>
  <datafield tag="590" ind1=" " ind2=" ">
    <subfield code="a">niveau_biblio:m niveau_hierar:0</subfield>
  </datafield>
  <datafield tag="100" ind1="1" ind2=" ">
    <subfield code="a">Piqu&#xE9; Batlle, Ricardo</subfield>
  </datafield>
  <datafield tag="999" ind1=" " ind2=" ">
    <subfield code="c">2126</subfield>
    <subfield code="d">2126</subfield>
  </datafield>
  <datafield tag="952" ind1=" " ind2=" ">
    <subfield code="0">0</subfield>
    <subfield code="1">0</subfield>
    <subfield code="4">0</subfield>
    <subfield code="7">0</subfield>
    <subfield code="a">BCEJYS</subfield>
    <subfield code="b">BCEJYS</subfield>
    <subfield code="c">16</subfield>
    <subfield code="d">2026-04-07</subfield>
    <subfield code="l">0</subfield>
    <subfield code="o">657.633 P666</subfield>
    <subfield code="p">L22880</subfield>
    <subfield code="r">2026-04-07 15:56:17</subfield>
    <subfield code="w">2026-04-07</subfield>
    <subfield code="y">L</subfield>
  </datafield>
</record>
